Housing trends in Scotland (Record no. 106548)
[ view plain ]
| 000 -LEADER | |
|---|---|
| fixed length control field | 01902cam a2200241 4500 |
| 001 - CONTROL NUMBER | |
| control field | L136916 |
| 008 - FIXED-LENGTH DATA ELEMENTS--GENERAL INFORMATION | |
| fixed length control field | 070302n2007 000 0 eng u |
| 020 ## - INTERNATIONAL STANDARD BOOK NUMBER | |
| International Standard Book Number | 9780755964741 |
| 022 ## - INTERNATIONAL STANDARD SERIAL NUMBER | |
| International Standard Serial Number | 02641143 |
| 035 ## - SYSTEM CONTROL NUMBER | |
| System control number | (Sirsi) u136916 |
| 041 0# - LANGUAGE CODE | |
| Language code of text/sound track or separate title | eng |
| 050 ## - LIBRARY OF CONGRESS CALL NUMBER | |
| Classification number | 333.33 $2 18 |
| 110 2# - MAIN ENTRY--CORPORATE NAME | |
| Corporate name or jurisdiction name as entry element | Scotland |
| Subordinate unit | Scottish Executive |
| 9 (RLIN) | 4769 |
| 245 00 - TITLE STATEMENT | |
| Title | Housing trends in Scotland |
| Remainder of title | quarter ending 30 September 2006 |
| Medium | [electronic resource] |
| 260 ## - PUBLICATION, DISTRIBUTION, ETC. | |
| Place of publication, distribution, etc. | Edinburgh |
| Name of publisher, distributor, etc. | Scottish Executive |
| Date of publication, distribution, etc. | 2007 |
| 505 2# - FORMATTED CONTENTS NOTE | |
| Formatted contents note | New house building -- Sales of social sector dwellings -- Local authority lettings and evictions -- Rent registration. |
| 520 ## - SUMMARY, ETC. | |
| Summary, etc. | Presents data on housing activity in Scotland for July to September 2006. Includes information on public sector house sales, new house building, and local authority lettings and evictions. The main points to emerge from the bulletin are: new house building - 6408 new dwellings were started during the period July to September 2006, 1080 (20%) more than during the same period in the previous year. 6248 dwellings were completed, 395 (7%) more than during the same period in 2005; sales of social sector dwellings - a total of 1968 public authority dwellings were sold to sitting tenants in the period July to September 2006, a decrease of 441 (18%) on the same period in 2005; lettings and evictions - during the quarter July to September 2006, there were 7796 permanent lettings of local authority dwellings, 42 (0.5%) less than during the same quarter in the previous year. There were 247 evictions of local authority tenants this quarter, 32 (15%) more than during July to September 2005. |
| 590 ## - LOCAL NOTE (RLIN) | |
| Local note | KA |
| 651 #4 - SUBJECT ADDED ENTRY--GEOGRAPHIC NAME | |
| Geographic name | Scotland |
| Chronological subdivision | 1999- |
| 690 ## - LOCAL SUBJECT ADDED ENTRY--TOPICAL TERM (OCLC, RLIN) | |
| Topical term or geographic name as entry element | PROPERTY-RESIDENTIAL PROPERTY-RESIDENTIAL PROPERTY MARKET |
| 856 40 - ELECTRONIC LOCATION AND ACCESS | |
| Uniform Resource Identifier | <a href="https://www.scotland.gov.uk/Publications/2007/02/23145056/0">https://www.scotland.gov.uk/Publications/2007/02/23145056/0</a> |
| Public note | View the publication free of charge online at www.scotland.gov.uk... |
| 942 ## - ADDED ENTRY ELEMENTS (KOHA) | |
| Suppress in OPAC | 0 |
| Withdrawn status | Lost status | Source of classification or shelving scheme | Damaged status | Not for loan | Home library | Current library | Shelving location | Date acquired | Total Checkouts | Full call number | Barcode | Date last seen | Copy number | Price effective from | Koha item type |
|---|---|---|---|---|---|---|---|---|---|---|---|---|---|---|---|
| Dewey Decimal Classification | Virtual | Virtual | Online | 02/03/2007 | ONLINE PUBLICATION | 136916-1001 | 06/08/2019 | 1 | 06/08/2019 | Book |